| 000 | 00775 a2200265 4500 | ||
|---|---|---|---|
| 999 |
_c78322 _d41767 |
||
| 001 | 78322 | ||
| 003 | TR-AnTOB | ||
| 005 | 20241129155055.0 | ||
| 008 | 161201n tu 000 0 | ||
| 040 |
_aTR-AnTOB _cTR-AnTOB |
||
| 041 | _atur | ||
| 050 |
_aPZ43.A45 _bC6319 |
||
| 090 |
_aJUN PZ43.A45 _bC6319 |
||
| 100 |
_aDe Amicis, Edmondo, _d1846-1908 _911419 |
||
| 245 | 0 |
_aÇocuk kalbi / _cEdmondo De Amicis. |
|
| 264 | 1 |
_aİstanbul: _bSentez, _c[date of publication not identified] |
|
| 300 |
_a160 s. ; _c19 cm. |
||
| 590 | _aSayın Dr.Ahmet Dinçyürek tarafından bağışlanmıştır. | ||
| 650 | 0 |
_aChildren's stories, Italian _9117386 |
|
| 650 | 4 |
_aÇocuk öyküleri, İtalyan _9117387 |
|
| 902 | _a33034 | ||
| 903 | _aMerkez Kütüphane | ||
| 942 |
_cBK _2lcc |
||
| 945 | _ago, BS | ||